Guess The Rapper From Their Eyes Pt 3 - Statistics

General Stats
  • This quiz has been taken 238 times
  • The average score is 12 of 20
Answer Stats
Picture Answer % Correct
Ice Cube
83%
Nicki Minaj
83%
50 Cent
80%
Jay-Z
80%
Juice WRLD
80%
Jack Harlow
76%
Future
74%
Kanye West
72%
Lil Durk
69%
Kendrick Lamar
63%
Polo G
61%
Don Toliver
48%
Lil Dicky
48%
Cordae
43%
Ken Carson
41%
Common
35%
Offset
35%
T.I.
33%
NLE Choppa
31%
ScHoolboy Q
31%
No matching quizzes found
Score Distribution
Percent of People with Each Score
Percentile by Number Answered
Your Score History
You have not taken this quiz